Responses for Show #3293 - Wednesday, December 23, 1998

Contestants

[<< previous game]

John Hurst, a musician from Swarthmore, Pennsylvania

Gail Fouts Bernstein, an advertising account executive from Salem, Massachusetts

Debra Keil, a school counselor from Inola, Oklahoma (whose 1-day cash winnings total $2,999)

[next game >>]

Jeopardy! Round responses

STATE BIRDS
A CHRISTMAS SONGBOOK
GUINNESS RECORDS
BRITISH FICTIONAL CHARACTERS
THE PERFECT GIFT
"JOY" TO THE WORLD
    $100 26
a cactus

John
    $100 11
Frosty the Snowman

Debra
    $100 16
a potato chip

John
    $100 1
Oscar Wilde

John
    $100 21
Hallmark

John
    $100 6
a joystick

Debra
    $200 27
Delaware

Gail
    $200 12
leaping

John
    $200 17
hiccupped

Debra
    $200 2
Daniel Defoe

Debra
    $200 22
retirement

Debra
    $200 7
a joyride

Debra
    $300 28
the Baltimore oriole

Debra
    $300 13
a blue Christmas

Debra
    $300 18
Boeing

Gail
    $300 3
(Debra: Who is the Time Traveler?)

the Invisible Man

DebraJohn
    $500 23
(Alex: The lady who is going to celebrate her first anniversary a few days from now!)

paper

Debra
    $300 8
a bundle of joy

Debra
    $400 29
the meadowlark

John
    $400 14
kissing Santa Claus

Debra
    $400 19
Buddha

John
    $400 4
How Green Was My Valley

Triple Stumper
    $400 24
a boutonniere

John
    $400 9
a joy buzzer

John
    $500 30
the ptarmigan

John
    $500 15
Burl Ives

John
    $500 20
The New York Times

John
    $500 5
(Debra: Who is Pepys?)
...
(Alex: John, you're the only one with money!)

Bridget Jones

Debra
Triple Stumper
    $500 25
(Alex: With a minute to go.)

the Statue of Liberty

John
    $500 10
"Ode To Joy" (from Beethoven's 9th)

John

Scores at the first commercial break (after clue 14):

Debra Gail John
$800 $0 $1,500

Scores at the end of the Jeopardy! Round:

Debra Gail John
$2,000 $500 $5,000

Double Jeopardy! Round responses

HISTORIC NAMES
THIS MEANS WAR!
TV PARENTS
GO WITH THE FLOW
(Alex: It's all about rivers and you have to tell us into which body of water these rivers empty.)
AT HOME IN EUROPE
CROSSWORD CLUES "F"
    $200 20
Charles Lindbergh

John
    $200 2
Kampf

Debra
    $200 1
Joan Rivers

John
    $200 12
the Mediterranean Sea

John
    $200 7
fork

John
    $400 21
Nicholas II

Debra
    $400 3
(Alex: "...with so much owed by so many to so few".)

conflict

John
    $400 16
Marlo Thomas

Debra
    $400 13
the Gulf of Mexico

John
    $400 27
Robert Louis Stevenson

John
    $400 8
finicky

John
    $600 22
(Gail: What is Germany?)

Belgium

Gail
Triple Stumper
    $600 4
(John: What is Rat Patrol?)

Combat

John
Triple Stumper
    $600 17
George Costanza

John
    $1,600 14
(John: What is the Red Sea?)

the Dead Sea

John
    $600 26
Pierre & Marie Curie

John
    $600 9
Fletcher

John
    $800 23
(Alex: Less than a minute to go.)

Shaka

Debra
    $800 6
guerre

John
    $800 18
(Debra: What is Shoot Me?)

Just Shoot Me!

DebraGail
    $800 15
the Black Sea

Gail
    $800 25
Christopher Columbus

Gail
    $800 10
fair

John
    $1000 24
Maria Theresa

Triple Stumper
    $1000 5
jihad

John
    $2,000 19
(Alex: Say something.)
(Gail: Something.)

Carroll O'Connor

Gail
    $1000 28
[The end-of-round signal sounds.]

Mohandas K. Gandhi

Triple Stumper
    $1000 11
foxholes

Triple Stumper

Scores at the end of the Double Jeopardy! Round:

Debra Gail John
$3,000 $300 $9,600
(lock game)

[wagering suggestions for these scores]

Final Jeopardy! Round responses

FOOD & DRINK
(Alex: Things we like!)
(Alex: It was sort of available to you in the clue; it said "yuletide dinner party", it was a yuletide banquet, hence, [*].)
GailWhat is Chock Full O' Nuts?
$299
DebraWhat is Noel?
$2,400
JohnWhat is Taster's Choice?
$1,400
Yuban

Final scores:

Debra Gail John
$600 $1 $8,200
2nd place: Monorail Desktop PC & Broyhill Home Office Armoire 3rd place: Intel Create & Share Camera Pack Software/Hardware New champion: $8,200

Game dynamics:

Coryat scores:

Debra Gail John
$2,800 $2,300 $11,200
15 R
(including 1 DD),
3 W
5 R,
2 W
(including 1 DD)
29 R,
2 W
(including 1 DD)

Combined Coryat: $16,300

[game clues] [game scores] [suggest correction]

Game tape date: 1998-11-03
The J! Archive is created by fans, for fans. Scraping, republication, monetization, and malicious use prohibited; this site may use cookies and collect identifying information. See terms. The Jeopardy! game show and all elements thereof, including but not limited to copyright and trademark thereto, are the property of Jeopardy Productions, Inc. and are protected under law. This website is not affiliated with, sponsored by, or operated by Jeopardy Productions, Inc. Join the discussion at JBoard.tv.